Minecraft Loot - Statistics

General Stats
  • This quiz has been taken 24 times
  • The average score is 87 of 242
Answer Stats
Answer % Correct
Diamond
100%
Emerald
83%
Golden Boots
83%
Diamond Horse Armor
75%
Enchanted Golden Apple
75%
Golden Axe
75%
Golden Chestplate
75%
Golden Helmet
75%
Golden Hoe
75%
Golden Leggings
75%
Golden Pickaxe
75%
Golden Sword
75%
Gold Ingot
75%
Potato
75%
Apple
67%
Bone
67%
Buried Treasure Map
67%
Carrot
67%
Diamond Boots
67%
Diamond Chestplate
67%
Diamond Helmet
67%
Diamond Hoe
67%
Diamond Leggings
67%
Diamond Pickaxe
67%
Diamond Sword
67%
Empty Map
67%
Golden Apple
67%
Golden Shovel
67%
Gunpowder
67%
Iron Axe
67%
Iron Horse Armor
67%
Iron Ingot
67%
Iron Pickaxe
67%
Iron Sword
67%
Leather
67%
Leather Boots
67%
Leather Cap
67%
Leather Pants
67%
Leather Tunic
67%
Map
67%
Rotten Flesh
67%
Sand
67%
String
67%
Diamond Shovel
58%
Enchanted Book
58%
Golden Horse Armor
58%
Gold Nugget
58%
Heart of the Sea
58%
Iron Chestplate
58%
Iron Nugget
58%
Pumpkin
58%
Suspicious Stew
58%
Wheat
58%
Wheat Seeds
58%
Arrow
50%
Beetroot Seeds
50%
Book
50%
Chain
50%
Clock
50%
Coal
50%
Fishing Rod
50%
Flint
50%
Flint and Steel
50%
Glow Berries
50%
Golden Carrot
50%
Iron Boots
50%
Iron Helmet
50%
Iron Leggings
50%
Music Disc (Cat)
50%
Music Disc (Pigstep)
50%
Netherite Ingot
50%
Oak Sapling
50%
Obsidian
50%
Redstone Dust
50%
Baked Potato
42%
Bottle o' Enchanting
42%
Bucket
42%
Compass
42%
Dark Oak Log
42%
Eye Armor Trim
42%
Fern
42%
Fire Charge
42%
Iron Shovel
42%
Lapis Lazuli
42%
Music Disc (13)
42%
Music Disc (Otherside)
42%
Netherite Scrap
42%
Paper
42%
Poisonous Potato
42%
Rib Armor Trim
42%
Saddle
42%
Sentry Armor Trim
42%
Snout Armor Trim
42%
Stone
42%
TNT
42%
Torch
42%
Ancient Debris
33%
Bell
33%
Block of Gold
33%
Block of Iron
33%
Coast Armor Trim
33%
Crossbow
33%
Dark Oak Sapling
33%
Dune Armor Trim
33%
Feather
33%
Flower Pot
33%
Gilded Blackstone
33%
Grass
33%
Melon Seeds
33%
Moss Block
33%
Name Tag
33%
Pumpkin Pie
33%
Pumpkin Seeds
33%
Silence Armor Trim
33%
Sniffer Egg
33%
Soul Torch
33%
Spectral Arrow
33%
Spider Eye
33%
Spruce Sapling
33%
Stick
33%
Stone Axe
33%
Tripwire Hook
33%
Vex Armor Trim
33%
Wild Armor Trim
33%
Angler Pottery Sherd
25%
Bamboo
25%
Blue Stained Glass Pane
25%
Bread
25%
Brick
25%
Cake
25%
Clay Ball
25%
Cooked Cod
25%
Cooked Porkchop
25%
Cooked Salmon
25%
Crying Obsidian
25%
Egg
25%
Ender Pearl
25%
Friend Pottery Sherd
25%
Glowstone
25%
Heart Pottery Sherd
25%
Host Armor Trim
25%
Howl Pottery Sherd
25%
Large Fern
25%
Lodestone
25%
Mourner Pottery Sherd
25%
Music Disc (Relic)
25%
Netherite Upgrade
25%
Packed Ice
25%
Potion of Regeneration
25%
Purple Stained Glass Pane
25%
Raiser Armor Trim
25%
Raw Beef
25%
Raw Mutton
25%
Raw Porkchop
25%
Sculk
25%
Sculk Catalyst
25%
Shaper Armor Trim
25%
Shears
25%
Snout Banner Pattern
25%
Soul Sand
25%
Spire Armor Trim
25%
Spruce Log
25%
Sweet Berries
25%
Tall Grass
25%
Ward Armor Trim
25%
Wayfinder Armor Trim
25%
White Dye
25%
Wooden Hoe
25%
Yellow Stained Glass Pane
25%
Acacia Sapling
17%
Amethyst Shard
17%
Beetroot Soup
17%
Black Wool
17%
Blue Dye
17%
Blue Ice
17%
Bone Block
17%
Brown Candle
17%
Brown Wool
17%
Cactus
17%
Candle
17%
Chainmail Boots
17%
Chainmail Chestplate
17%
Chainmail Helmet
17%
Chainmail Leggings
17%
Danger Pottery Sherd
17%
Dead Bush
17%
Disc Fragment
17%
Glistering Melon
17%
Goat Horn
17%
Gray Wool
17%
Green Candle
17%
Green Dye
17%
Heartbreak Pottery Sherd
17%
Lead
17%
Light Blue Dye
17%
Light Blue Stained Glass Pane
17%
Light Gray Wool
17%
Light Weighted Pressure Plate
17%
Magenta Stained Glass Pane
17%
Magma Cream
17%
Music Disc (Wait)
17%
Nether Wart
17%
Orange Dye
17%
Pink Stained Glass Pane
17%
Plenty Pottery Sherd
17%
Potion of Water Breathing
17%
Purple Candle
17%
Raw Cod
17%
Raw Salmon
17%
Red Candle
17%
Red Stained Glass Pane
17%
Sculk Sensor
17%
Sheaf Pottery Sherd
17%
Shelter Pottery Sherd
17%
Snort Pottery Sherd
17%
Snowball
17%
White Wool
17%
Yellow Dye
17%
Allium
8%
Blade Pottery Sherd
8%
Book and Quill
8%
Burn Pottery Sherd
8%
Dandelion
8%
Explorer Pottery Sherd
8%
Music Disc (Mellohi)
8%
Oak Hanging Sign
8%
Poppy
8%
Snow Block
8%
Spruce Hanging Sign
8%
Water Bucket
8%
Barrel
0%
Crimson Fungus
0%
Crimson Nylium
0%
Crimson Roots
0%
Furnace
0%
Nether Quartz
0%
Prismarine Crystals
0%
Smooth Stone
0%
Spruce Sign
0%
Stone Bricks
0%
No matching quizzes found
Score Distribution
Percent of People with Each Score
Percentile by Number Answered
Your Score History
You have not taken this quiz